01457nam a2200361Ia 4500001001200000003000800012006001900020007001500039008004100054010001700095020001500112020002700127040002100154035002000175050002600195082001700221245013400238260004400372300001500416490005100431504005100482533015200533600004100685650004200726650001500768655002900783700004100812700002800853710001700881830005200898856012600950999001901076ebr10053929CaPaEBRm u cr cn|||||||||000522s2001 enk sb 011 0beng d z 00042216  z0203461169 z0415212928 (hardbound) aCaPaEBRcCaPaEBR a(OCoLC)5207319914aHB119.G33bE25 2001eb04a330/.09222100aEconomist with a public purposeh[electronic resource] :bessays in honour of John Kenneth Galbraith /cedited by Michael Keaney. aLondon ;aNew York :bRoutledge,c2001. axi, 274 p.1 aRoutledge frontiers of political economy ;v32 aIncludes bibliographical references and index. aElectronic reproduction.bPalo Alto, Calif. :cebrary,d2009.nAvailable via World Wide Web.nAccess may be limited to ebrary affiliated libraries.10aGalbraith, John Kenneth,d1908-2006. 0aEconomistszUnited StatesvBiography. 0aEconomics. 7aElectronic books.2local1 aGalbraith, John Kenneth,d1908-2006.1 aKeaney, Michael,d1968-2 aebrary, Inc. 0aRoutledge frontiers of political economy ;v32.40uhttp://site.ebrary.com/lib/rucke/Doc?id=10053929zAn electronic book accessible through the World Wide Web; click to view c178343d178343